| 000 | 01232cam a2200133 4500500 | ||
|---|---|---|---|
| 005 | 20251214004345.0 | ||
| 041 | _afre | ||
| 042 | _adc | ||
| 100 | 1 | 0 |
_aSeitz, Frédéric _eauthor |
| 245 | 0 | 0 | _aGustave Eiffel : Le triomphe de l’ingénieur |
| 260 |
_bArmand Colin,
_c2014. |
||
| 520 | _aGustave Eiffel a laissé son nom à la postérité grâce à la tour qu’il a construite pour l’Exposition universelle de 1889. Constructeur audacieux d’édifices et d’ouvrages d’art dans le monde entier, promoteur des technologies nouvelles, défenseur acharné de l’industrialisation, mais aussi homme de sciences, il jette les fondements d’une pensée renouvelée de l’ingénierie. Son œuvre influence fortement ses contemporains et ses successeurs et reste, de nos jours, d’une grande actualité.Cette nouvelle biographie de Gustave Eiffel permet de confronter, par des approches multiples, les objectifs qui étaient les siens, ses travaux et les résultats qu’il a obtenus, avec notre regard d’aujourd’hui, et par là même de percer les mystères de la naissance et de la permanence de son mythe. | ||
| 856 | 4 | 1 | _uhttps://shs.cairn.info/gustave-eiffel--9782200271961?lang=fr&redirect-ssocas=7080 |
| 999 |
_c1568485 _d1568485 |
||